000 01200nam a2200313 a 4500
001 ebr10680877
003 CaPaEBR
006 m u
007 cr cn|||||||||
008 080710s2009 nyua sb 001 0 eng d
010 _z 2008030433
020 _z9781606920930 (hardcover)
020 _z1606920936 (hardcover)
020 _z9781617283956 (e-book)
040 _aCaPaEBR
_cCaPaEBR
035 _a(OCoLC)662453044
050 1 4 _aHB172.5
_b.E53 2009eb
082 0 4 _a339
_222
245 0 0 _aEmerging topics in macroeconomics
_h[electronic resource] /
_cRichard O. Bailly, editor.
260 _aNew York :
_bNova Science Publishers,
_cc2009.
300 _axiv, 362 p. :
_bill. (some col.)
504 _aIncludes bibliographical references and index.
533 _aElectronic reproduction.
_bPalo Alto, Calif. :
_cebrary,
_d2013.
_nAvailable via World Wide Web.
_nAccess may be limited to ebrary affiliated libraries.
650 0 _aMacroeconomics.
655 7 _aElectronic books.
_2local
700 1 _aBailly, Richard O.
710 2 _aebrary, Inc.
856 4 0 _uhttp://site.ebrary.com/lib/rucke/Doc?id=10680877
_zAn electronic book accessible through the World Wide Web; click to view
999 _c60273
_d60273